[Event "Open Est 2016-2017"]
[Site "Aubagne"]
[Date "2016.11.05"]
[Round "3.23"]
[White "Piquemal, Jean Christophe"]
[Black "Cotton, Paul"]
[Result "0-1"]
[WhiteElo "1150"]
[BlackElo "1389"]
[PlyCount "102"]
[EventDate "2016.??.??"]
[WhiteTeam "Marseille Echecs"]
[BlackTeam "Cercle d'Echecs Aubagnais"]

1. c4 Nf6 2. Nc3 g6 3. Nf3 Bg7 4. g3 d6 5. Bg2 c5 6. d3 O-O 7. O-O Nc6 8. e3
Rb8 9. a3 Bd7 10. Rb1 a6 11. e4 Qc8 12. Re1 Bh3 13. Nd5 Bxg2 14. Nxf6+ Bxf6 15.
Kxg2 b5 16. b4 cxb4 17. axb4 bxc4 18. Bh6 Rd8 19. dxc4 Nxb4 20. Qe2 Rd7 21.
Red1 Nc6 22. Be3 Rdb7 23. Rxb7 Rxb7 24. c5 Rd7 25. cxd6 Rxd6 26. Rxd6 exd6 27.
Bg5 Bg7 28. Bf4 Ne5 29. Nxe5 dxe5 30. Be3 a5 31. f4 Qa8 32. h4 Qxe4+ 33. Qf3
Qxf3+ 34. Kxf3 exf4 35. Bxf4 a4 36. Bc1 Bf8 37. Ke2 a3 38. Kd1 a2 39. Bb2 Bg7
40. Kc2 a1=Q 41. Bxa1 Bxa1 42. g4 Kf8 43. Kd3 Ke7 44. Ke4 f6 45. Kf3 Ke6 46. g5
Kf5 47. Kg3 Be5+ 48. Kh3 Bf4 49. Kg2 Kg4 50. Kf2 Kxh4 51. Kf3 Kxg5 0-1

[Event "Open Est 2016-2017"]
[Site "Aubagne"]
[Date "2016.11.05"]
[Round "3.24"]
[White "Benezra, Silke"]
[Black "Timoner, Genevieve"]
[Result "1/2-1/2"]
[WhiteElo "1362"]
[BlackElo "1115"]
[PlyCount "133"]
[EventDate "2016.??.??"]
[WhiteTeam "L'Echiquier du Roy René"]
[BlackTeam "Club d'Echecs Pennois (CEP)"]

1. d4 f5 2. e3 Nf6 3. b3 e6 4. Bb2 d5 5. Nd2 c6 6. Ngf3 Bd6 7. c4 b6 8. Be2 O-O
9. O-O Bd7 10. cxd5 exd5 11. Ne5 Ne4 12. Ndf3 Be6 13. Rc1 Qe8 14. Qc2 Bd7 15.
Nxd7 Qxd7 16. Ne5 Qe8 17. Nxc6 Nxc6 18. Qxc6 Qxc6 19. Rxc6 Rac8 20. Rfc1 Rxc6
21. Rxc6 Bb8 22. f3 Nd6 23. Ba3 Rc8 24. Rxc8+ Nxc8 25. h3 f4 26. e4 dxe4 27.
fxe4 Nd6 28. Bxd6 Bxd6 29. Bc4+ Kf8 30. Kf2 g5 31. Kf3 Kg7 32. a4 Ba3 33. e5
Bb2 34. Ke4 Kf8 35. d5 h5 36. d6 Ba3 37. d7 Ke7 38. e6 Kd8 39. Kf5 Be7 40. Ke4
Kc7 41. Kf3 Bf6 42. g3 fxg3 43. Kxg3 h4+ 44. Kg4 Be7 45. Kf5 Bd8 46. Bb5 Kd6
47. Bc4 Be7 48. Kg6 g4 49. hxg4 h3 50. Be2 Kxe6 51. Bf3 Kxd7 52. Kf5 h2 53. g5
Ke8 54. g6 Kf8 55. Ke6 Bh4 56. Kd6 Kg7 57. Be4 Bf2 58. Kc6 a6 59. b4 a5 60. Kb5
h1=Q 61. Bxh1 Kxg6 62. bxa5 bxa5 63. Kxa5 Kf6 64. Kb5 Ke7 65. Kc6 Be1 66. Kc7
Ke6 67. Kc6 1/2-1/2

[Event "Open Est 2016-2017"]
[Site "Aubagne"]
[Date "2016.11.05"]
[Round "3.25"]
[White "Besucco, Guy"]
[Black "Soulet, Kylian"]
[Result "1-0"]
[WhiteElo "1348"]
[BlackElo "1150"]
[PlyCount "89"]
[EventDate "2016.??.??"]
[WhiteTeam "La Ciotat Echecs (LCE)"]
[BlackTeam "Cassis Echecs"]

1. e4 c6 2. Nc3 d5 3. d4 dxe4 4. Nxe4 Bf5 5. Ng3 e6 6. Qe2 g6 7. Nxf5 gxf5 8.
Nf3 Bb4+ 9. c3 Bd6 10. g3 Nf6 11. Bg5 h6 12. Bh4 Nbd7 13. Bg2 Qc7 14. Bxf6 Nxf6
15. Nh4 O-O-O 16. O-O f4 17. Nf3 fxg3 18. fxg3 Ng4 19. Bh3 Rdg8 20. Bxg4 Rxg4
21. Ne5 Bxe5 22. dxe5 f5 23. Rad1 Rd8 24. Rxd8+ Qxd8 25. Rf4 Rxf4 26. gxf4 Qg8+
27. Kh1 Qg4 28. Qxg4 fxg4 29. Kg2 Kc7 30. Kg3 h5 31. Kh4 b5 32. Kg5 Kb6 33. f5
exf5 34. Kxf5 Kc7 35. Kf6 a5 36. e6 Kd8 37. Kf7 Kc7 38. e7 Kb6 39. e8=Q Kc5 40.
Qe7+ Kb6 41. Qe3+ Kc7 42. b4 a4 43. Qa7+ Kd6 44. Qb6 Kd5 45. Qd4# 1-0

[Event "Open Est 2016-2017"]
[Site "Aubagne"]
[Date "2016.11.05"]
[Round "3.26"]
[White "Cayrou, Fabien"]
[Black "Ulloa, Philippe"]
[Result "0-1"]
[WhiteElo "1099"]
[BlackElo "1325"]
[PlyCount "86"]
[EventDate "2016.??.??"]
[WhiteTeam "Cassis Echecs"]
[BlackTeam "Club d'Echecs Pennois (CEP)"]

1. d4 d5 2. Nf3 Bg4 3. Nc3 e6 4. Bf4 a6 5. Be5 Nd7 6. Bg3 Ngf6 7. Bh4 c5 8.
dxc5 Bxc5 9. e4 d4 10. Ne2 Bxf3 11. gxf3 Ne5 12. Bg2 Qa5+ 13. c3 dxc3 14. bxc3
Rd8 15. Qc2 Nd3+ 16. Kf1 O-O 17. Rd1 Bxf2 18. Bxf2 Nxf2 19. Rxd8 Nxh1 20. Rxf8+
Kxf8 21. Bxh1 Qc7 22. f4 Ng4 23. Qd3 Nxh2+ 24. Kg1 Ng4 25. Bf3 Nf6 26. e5 Nd7
27. a4 Nc5 28. Qc2 Qb6 29. Kh1 g6 30. Nd4 Qd8 31. Qa2 Qh4+ 32. Qh2 Qe1+ 33. Qg1
Qxc3 34. Qf2 Qc1+ 35. Qg1 Qxf4 36. Qf2 Nd3 37. Qg1 Qh4+ 38. Qh2 Qxd4 39. Qa2 b6
40. Qa3+ Kg8 41. Be2 Qh4+ 42. Kg1 Qg3+ 43. Kf1 Qf2# 0-1

[Event "Open Est 2016-2017"]
[Site "Aubagne"]
[Date "2016.11.05"]
[Round "3.27"]
[White "Rieu, Jean"]
[Black "Veith, Irene"]
[Result "1-0"]
[WhiteElo "1320"]
[BlackElo "1072"]
[PlyCount "46"]
[EventDate "2016.??.??"]
[WhiteTeam "U.S.C.M."]
[BlackTeam "La Ciotat Echecs (LCE)"]

1. Nf3 Nc6 2. e4 d6 3. h3 e5 4. Nc3 Be6 5. Bb5 Nf6 6. Bxc6+ bxc6 7. O-O Be7 8.
d3 h6 9. d4 exd4 10. Nxd4 Bd7 11. Re1 c5 12. Nf5 Bxf5 13. exf5 O-O 14. Ne4 Qc8
15. Nxf6+ Bxf6 16. Qg4 d5 17. Bxh6 Bxb2 18. Rab1 Bf6 19. Re3 Re8 20. Rg3 g5 21.
Bxg5 Bg7 22. Bh6 Re1+ 23. Rxe1 Qf8 1-0

[Event "Open Est 2016-2017"]
[Site "Aubagne"]
[Date "2016.11.05"]
[Round "3.28"]
[White "Tramarin, Matteo"]
[Black "Ralijaona, Gabriela"]
[Result "0-1"]
[WhiteElo "1050"]
[BlackElo "1316"]
[PlyCount "62"]
[EventDate "2016.??.??"]
[WhiteTeam "Cercle d'Echecs Aubagnais"]
[BlackTeam "Marseille Passion Echecs"]

1. e4 e5 2. Nf3 Nc6 3. Nc3 Bc5 4. d3 Nf6 5. Be3 Bb6 6. Bxb6 axb6 7. d4 d6 8. d5
Ne7 9. Qd2 c6 10. Bc4 b5 11. Bb3 Qb6 12. dxc6 Qxc6 13. Qd3 b4 14. Nd5 b6 15.
Nxe7 Kxe7 16. Bd5 Nxd5 17. exd5 Qc5 18. O-O Ba6 19. Qb3 Bc4 20. Qe3 Qxe3 21.
fxe3 Bxf1 22. Kxf1 Rhc8 23. Ne1 Rc5 24. e4 Rc4 25. b3 Rxe4 26. Nd3 Rc8 27. c4
bxc3 28. a4 c2 29. h3 Rd4 30. Nc1 e4 31. Ne2 Rd1+ 0-1

[Event "Open Est 2016-2017"]
[Site "Aubagne"]
[Date "2016.11.05"]
[Round "3.29"]
[White "Strate, Francois"]
[Black "Lognos, Lina"]
[Result "1-0"]
[WhiteElo "1315"]
[BlackElo "1062"]
[PlyCount "119"]
[EventDate "2016.??.??"]
[WhiteTeam "Sanary Echecs"]
[BlackTeam "Cercle d'Echecs Aubagnais"]

1. d4 Nf6 2. c4 g6 3. Nc3 d6 4. e4 Bg7 5. h3 O-O 6. Nf3 Nbd7 7. Be2 e5 8. O-O
exd4 9. Nxd4 Nc5 10. Bg5 h6 11. Bxf6 Bxf6 12. Nd5 Nxe4 13. Nxf6+ Qxf6 14. f3
Ng3 15. Re1 Nxe2+ 16. Rxe2 c5 17. Nb5 Qd8 18. Nxd6 Qf6 19. Ne4 Qd4+ 20. Qxd4
cxd4 21. Rd1 Bf5 22. Nd6 d3 23. Re3 Be6 24. Rdxd3 b6 25. b3 Rad8 26. Nb5 Rd7
27. Nd4 Rfd8 28. Nxe6 fxe6 29. Rxd7 Rxd7 30. Re2 Kf7 31. Kf2 Ke7 32. Ke3 e5 33.
g3 Kf6 34. Rd2 Rxd2 35. Kxd2 Ke6 36. Kd3 Kd6 37. b4 Kc6 38. Ke4 Kd6 39. h4 Ke6
40. a4 Kd6 41. f4 exf4 42. gxf4 Ke6 43. c5 bxc5 44. bxc5 Kd7 45. Ke5 Kc7 46.
Ke6 Kc6 47. Kf6 Kxc5 48. Kxg6 a5 49. f5 Kb4 50. f6 Kxa4 51. h5 Kb3 52. f7 a4
53. f8=Q a3 54. Qf3+ Kb2 55. Qf6+ Kb3 56. Qa1 a2 57. Kxh6 Ka3 58. Kg6 Kb3 59.
h6 Kc2 60. Qxa2+ 1-0

[Event "Open Est 2016-2017"]
[Site "Aubagne"]
[Date "2016.11.05"]
[Round "3.30"]
[White "Soulet, Julia"]
[Black "Pentcheff, Laura"]
[Result "0-1"]
[WhiteElo "1183"]
[BlackElo "1307"]
[PlyCount "90"]
[EventDate "2016.??.??"]
[WhiteTeam "Cassis Echecs"]
[BlackTeam "Cassis Echecs"]

1. d4 d6 2. e4 Nf6 3. Nc3 g6 4. Nf3 Bg7 5. Bc4 O-O 6. O-O c6 7. e5 dxe5 8. dxe5
Ng4 9. Bf4 Qa5 10. Qe2 b5 11. Bb3 Ba6 12. h3 Nh6 13. Qe3 Nf5 14. Qe1 b4 15. Ne4
Bxf1 16. Qxf1 e6 17. Bd2 c5 18. a3 Qb6 19. axb4 cxb4 20. Ra6 Nxa6 21. Bc4 Nc7
22. Qe1 a5 23. c3 bxc3 24. Bxc3 a4 25. Bd2 Qxb2 26. Bc3 Qb7 27. Bb4 Rfb8 28.
Bd6 Nxd6 29. exd6 Ne8 30. Qd1 Qb1 31. Qxb1 Rxb1+ 32. Kh2 Rd8 33. Ba2 Rb2 34.
Bc4 Nxd6 35. Nxd6 Rxd6 36. Bb5 Rxb5 37. Nh4 Be5+ 38. g3 Rb2 39. Kg2 Rd3 40. Nf3
Bd6 41. h4 Bc5 42. Ne5 Rxf2+ 43. Kh3 Rd1 44. Kg4 h5+ 45. Kg5 Be3# 0-1

[Event "Open Est 2016-2017"]
[Site "Aubagne"]
[Date "2016.11.05"]
[Round "3.31"]
[White "Periale, Francine"]
[Black "Rocchia, Alex"]
[Result "0-1"]
[WhiteElo "1146"]
[BlackElo "1288"]
[PlyCount "56"]
[EventDate "2016.??.??"]
[WhiteTeam "Cercle d'Echecs Aubagnais"]
[BlackTeam "Cercle d'Echecs Aubagnais"]

1. d4 d6 2. Nf3 Nf6 3. Bf4 g6 4. e3 Bg7 5. c3 b6 6. Nbd2 Bb7 7. Bd3 Nbd7 8. e4
O-O 9. O-O c5 10. Re1 a6 11. a3 b5 12. c4 cxd4 13. Nxd4 Nh5 14. Be3 Ne5 15. Be2
Nf6 16. f4 Bh6 17. Qc2 Neg4 18. Nf1 Nxe3 19. Nxe3 Bxf4 20. Nd5 Nxd5 21. cxd5
Be3+ 22. Kf1 Bxd4 23. Rad1 Qb6 24. g3 Bg1 25. Kg2 Qf2+ 26. Kh3 Qxh2+ 27. Kg4
Bc8+ 28. Kf3 Qf2# 0-1

[Event "Open Est 2016-2017"]
[Site "Aubagne"]
[Date "2016.11.05"]
[Round "3.32"]
[White "Masson, Wally"]
[Black "Burnel, Marie-France"]
[Result "1-0"]
[WhiteElo "1191"]
[BlackElo "1399"]
[PlyCount "69"]
[EventDate "2016.??.??"]
[WhiteTeam "Cercle d'Echecs Aubagnais"]
[BlackTeam "Cercle d'Echecs Aubagnais"]

1. e4 e5 2. Nf3 Nc6 3. Bc4 h6 4. O-O b6 5. d4 Bd6 6. d5 Na5 7. Bb5 a6 8. Be2
Nf6 9. Nc3 Bb7 10. a3 c5 11. Bd2 O-O 12. Rb1 b5 13. b4 cxb4 14. axb4 Nc4 15.
Bd3 a5 16. Nxb5 Nxd2 17. Nxd6 Nxf3+ 18. Qxf3 Ba6 19. b5 Bc8 20. b6 Ra6 21. Bxa6
Bxa6 22. Rfc1 Qb8 23. b7 Qxd6 24. Qc3 Rb8 25. Rb6 Qc7 26. Rxa6 Qxb7 27. Rxa5 d6
28. Qa3 Nxe4 29. c4 Qb6 30. Rf1 Nd2 31. Rb5 Qc7 32. Rxb8+ Qxb8 33. Rc1 Nxc4 34.
Qa2 Qb4 35. Qxc4 1-0

[Event "Open Est 2016-2017"]
[Site "Aubagne"]
[Date "2016.11.05"]
[Round "3.33"]
[White "Bartolini, Manuela"]
[Black "Hours, Evelyne"]
[Result "1-0"]
[WhiteElo "1399"]
[BlackElo "1399"]
[PlyCount "43"]
[EventDate "2016.??.??"]
[WhiteTeam "Cercle d'Echecs Aubagnais"]
[BlackTeam "Club d'Echecs Pennois (CEP)"]

1. e4 e5 2. Nf3 d6 3. d4 Be7 4. Bc4 Bg4 5. Nbd2 Nf6 6. d5 O-O 7. h3 Bd7 8. c3
c6 9. a4 cxd5 10. exd5 Qc7 11. b4 Ne4 12. Qb3 Qb6 13. Nxe4 Bf5 14. Be3 Qc7 15.
Neg5 h6 16. Ne6 fxe6 17. dxe6 Rf6 18. O-O Bxe6 19. Bxe6+ Kf8 20. Bg8 Nd7 21.
Rac1 Rg6 22. Qf7# 1-0

[Event "Open Est 2016-2017"]
[Site "Aubagne"]
[Date "2016.11.05"]
[Round "3.34"]
[White "Feron, Anne-Marie"]
[Black "Boudet, Nicole"]
[Result "0-1"]
[WhiteElo "1399"]
[BlackElo "1160"]
[PlyCount "39"]
[EventDate "2016.??.??"]
[WhiteTeam "Club d'Echecs Pennois (CEP)"]
[BlackTeam "Cercle d'Echecs Aubagnais"]

1. c4 e5 2. Nc3 Nf6 3. e4 c6 4. g3 d5 5. d3 d4 6. Nce2 h6 7. h3 Qa5+ 8. Bd2 Bb4
9. Qc2 Na6 10. a3 Bxd2+ 11. Qxd2 Qxd2+ 12. Kxd2 O-O 13. f4 Re8 14. fxe5 Rxe5
15. Nxd4 Nc5 16. Bg2 Bd7 17. Ngf3 Re7 18. Rhe1 Ne8 19. b4 Ne6 20. c5 0-1

[Event "Open Est 2016-2017"]
[Site "Aubagne"]
[Date "2016.11.05"]
[Round "3.35"]
[White "Coppel, Victor"]
[Black "Pignol, Jeanne"]
[Result "1-0"]
[WhiteElo "1120"]
[BlackElo "1399"]
[PlyCount "61"]
[EventDate "2016.??.??"]
[WhiteTeam "L'Echiquier du Roy René"]
[BlackTeam "Club d'Echecs Pennois (CEP)"]

1. e4 e5 2. Nf3 d6 3. Bc4 Nf6 4. Nc3 h6 5. h3 Be7 6. O-O O-O 7. d4 Nc6 8. Be3
a6 9. a3 Na5 10. Ba2 Nd7 11. Nd5 Nf6 12. Nxf6+ Bxf6 13. Nd2 exd4 14. Bf4 c5 15.
c3 Nc6 16. cxd4 Nxd4 17. Re1 Be6 18. Nc4 Be7 19. Re3 b5 20. Nd2 Rb8 21. Rg3 Bh4
22. Bxe6 fxe6 23. Rg6 Qe7 24. Bxh6 Rf6 25. Rxg7+ Kf8 26. Rxe7+ Kxe7 27. Qg4 Nc2
28. Qg7+ Rf7 29. Bg5+ Ke8 30. Qg8+ Rf8 31. Qxe6# 1-0

[Event "Open Est 2016-2017"]
[Site "Aubagne"]
[Date "2016.11.05"]
[Round "3.36"]
[White "Naam, Shedy"]
[Black "Vidal, Jean-Pierre"]
[Result "1-0"]
[WhiteElo "1090"]
[BlackElo "1399"]
[PlyCount "75"]
[EventDate "2016.??.??"]
[WhiteTeam "Cassis Echecs"]
[BlackTeam "Club d'Echecs Pennois (CEP)"]

1. e4 c5 2. Nc3 Nc6 3. Bc4 Nf6 4. Nf3 d6 5. Ng5 g6 6. Nxf7 Qd7 7. Nxh8 Bg7 8.
Nf7 e6 9. Ng5 d5 10. Be2 Nd4 11. d3 b5 12. Be3 Nxe2 13. Qxe2 b4 14. Nd1 Qd6 15.
Qf3 Bb7 16. Qg3 e5 17. c3 dxe4 18. dxe4 Nxe4 19. Qg4 Nxg5 20. Qxg5 a5 21. O-O
Bf6 22. Qh6 Qc6 23. Qh3 h5 24. Qg3 Kf7 25. Bg5 Qxg2+ 26. Qxg2 Bxg2 27. Kxg2
Bxg5 28. a3 b3 29. Ne3 Rd8 30. Rad1 Re8 31. Rd5 h4 32. h3 Bf4 33. Rxc5 Rd8 34.
Rd1 Ra8 35. Rc7+ Kf6 36. Nd5+ Kf5 37. Rf7+ Ke4 38. f3# 1-0

[Event "Open Est 2016-2017"]
[Site "Aubagne"]
[Date "2016.11.05"]
[Round "3.37"]
[White "Salvi, Angele"]
[Black "Pietrac, Christian"]
[Result "1-0"]
[WhiteElo "1043"]
[BlackElo "1226"]
[PlyCount "119"]
[EventDate "2016.??.??"]
[WhiteTeam "Cercle d'Echecs Aubagnais"]
[BlackTeam "Club d'Echecs de Miramas"]

1. e4 d6 2. Nf3 g6 3. Be2 Bg7 4. Nc3 Nf6 5. d4 O-O 6. h3 Nbd7 7. Be3 a6 8. Qd2
b5 9. O-O b4 10. Na4 a5 11. e5 Ne4 12. Qd3 d5 13. Nc5 Ndxc5 14. dxc5 Ba6 15.
Qd1 Bxe2 16. Qxe2 c6 17. Qd3 Qd7 18. Bd4 f6 19. c3 Qf5 20. Nh4 Qe6 21. f4 fxe5
22. Bxe5 Bxe5 23. fxe5 Qxe5 24. Rae1 Rf4 25. Nf3 Qh5 26. Qe3 e5 27. c4 d4 28.
Nxd4 exd4 29. Qxf4 Qxc5 30. Rxe4 d3+ 31. Rf2 Rd8 32. Qf7+ Kh8 33. Qf6+ Kg8 34.
Qxd8+ Kg7 35. Qf6+ Kh6 36. Qf4+ Kg7 37. Qf6+ Kh6 38. Rh4+ Qh5 39. Rxh5+ Kxh5
40. g4+ Kh6 41. Qf4+ Kg7 42. Qe4 Kh6 43. Qxd3 c5 44. Qe3+ Kg7 45. Qe7+ Kh6 46.
Qxc5 b3 47. Qe3+ Kg7 48. Qxb3 a4 49. Qxa4 Kh6 50. c5 Kg5 51. Qf4+ Kh4 52. Kg2
h5 53. gxh5+ Kxh5 54. Qg4+ Kh6 55. Qh4+ Kg7 56. c6 Kg8 57. c7 Kg7 58. c8=Q g5
59. Qxg5+ Kh7 60. Qcg8# 1-0

[Event "Open Est 2016-2017"]
[Site "Aubagne"]
[Date "2016.11.05"]
[Round "3.38"]
[White "Garbe, Georges"]
[Black "Pegon, Claude"]
[Result "0-1"]
[WhiteElo "1216"]
[BlackElo "1038"]
[PlyCount "72"]
[EventDate "2016.??.??"]
[WhiteTeam "Cercle d'Echecs Aubagnais"]
[BlackTeam "La Ciotat Echecs (LCE)"]

1. c4 c5 2. Nc3 d6 3. d3 Nf6 4. g3 g6 5. Bg2 Bg7 6. Nf3 O-O 7. O-O Na6 8. Be3
Rb8 9. Ne1 Bd7 10. a3 Nc7 11. Rb1 a6 12. b4 b5 13. Qb3 Be6 14. bxc5 bxc4 15.
Qxc4 Bxc4 16. dxc4 Ng4 17. Nc2 Bxc3 18. Bd4 Bxd4 19. Nxd4 Ne5 20. Rbc1 Qd7 21.
c6 Qc8 22. Rfd1 Ne6 23. h4 Nxd4 24. Rxd4 h5 25. Bd5 Nxc6 26. Rdd1 Ne5 27. Kg2
Qc5 28. a4 Ng4 29. e3 Rb2 30. Rf1 Nxe3+ 31. Kg1 Nxf1 32. Rxf1 Rfb8 33. Kg2 e6
34. Bf3 Qxc4 35. Re1 Qd4 36. Re3 Qxe3 0-1

[Event "Open Est 2016-2017"]
[Site "Aubagne"]
[Date "2016.11.05"]
[Round "3.39"]
[White "Dektiannikov, Artiom"]
[Black "Delaplace, Mathias"]
[Result "1-0"]
[WhiteElo "1199"]
[BlackElo "1028"]
[PlyCount "83"]
[EventDate "2016.??.??"]
[WhiteTeam "Cassis Echecs"]
[BlackTeam "Marseille Echecs"]

1. e4 c5 2. Nf3 Nc6 3. d3 e6 4. Nc3 Nf6 5. Bf4 a6 6. e5 Nh5 7. Bg5 Be7 8. h4 h6
9. Bxe7 Qxe7 10. Qd2 g6 11. O-O-O b5 12. Ne4 b4 13. g4 Ng7 14. g5 h5 15. Qf4
Nf5 16. Bh3 Ncd4 17. Nxd4 cxd4 18. Bxf5 exf5 19. Nf6+ Kd8 20. Nxh5 Qc5 21. Nf6
Bb7 22. Rhe1 Rc8 23. Rd2 a5 24. b3 Qc3 25. Kb1 Ra8 26. e6 fxe6 27. Qd6 Bc6 28.
Re5 Ra7 29. Qb8+ Ke7 30. Qxh8 Qxd2 31. Nh7 d6 32. Qf8+ Kd7 33. Nf6+ Kc7 34.
Rxe6 Kb6 35. Qxd6 Qc3 36. Qb8+ Rb7 37. Qd8+ Rc7 38. Nd5+ Kb5 39. Nxc3+ dxc3 40.
Qxc7 Kc5 41. Qxc6+ Kd4 42. Qc4# 1-0

[Event "Open Est 2016-2017"]
[Site "Aubagne"]
[Date "2016.11.05"]
[Round "3.40"]
[White "Belaid, Myriam"]
[Black "Ralijaona, Emma"]
[Result "1/2-1/2"]
[WhiteElo "1010"]
[BlackElo "1180"]
[PlyCount "117"]
[EventDate "2016.??.??"]
[WhiteTeam "Club Provence Echecs"]
[BlackTeam "Marseille Passion Echecs"]

1. g3 e5 2. Bg2 Bc5 3. a3 Nf6 4. b3 Ng4 5. e3 O-O 6. Qxg4 d6 7. Qf3 Nc6 8. h3
Be6 9. Ne2 Qd7 10. Bb2 Rfe8 11. O-O Rad8 12. d3 h6 13. c3 d5 14. d4 e4 15. Qh5
g6 16. Qxh6 Bf8 17. Qh4 Ne7 18. Nd2 Nf5 19. Qf4 Bd6 20. Qg4 Nh6 21. Qh4 Nf5 22.
Qg4 Qe7 23. c4 Nh6 24. Qh4 Qxh4 25. gxh4 dxc4 26. Nxc4 Be7 27. Bxe4 Bxh3 28.
Rfd1 Bxh4 29. Bxb7 Bg4 30. f3 Bh5 31. Kg2 c5 32. d5 Rd7 33. Rd3 Rxb7 34. Nf4
Nf5 35. Nd6 Nxe3+ 36. Kh3 Re5 37. Nxb7 Rf5 38. Ne2 Nxd5 39. Nxc5 Nf4+ 40. Kxh4
Nxd3 41. Nxd3 Bxf3 42. Nd4 Rh5+ 43. Kg3 Be4 44. Ne2 Bxd3 45. Nd4 Rg5+ 46. Kf4
f6 47. Ne6 Re5 48. Bxe5 fxe5+ 49. Kxe5 Bc2 50. b4 Kf7 51. Nd8+ Kg8 52. Rc1 Ba4
53. Rg1 Kh7 54. Nf7 Kg7 55. Nd6 Kh6 56. Nf7+ Kh7 57. Kf6 Bc2 58. Rxg6 Bxg6 59.
Ng5+ 1/2-1/2

[Event "Open Est 2016-2017"]
[Site "Aubagne"]
[Date "2016.12.10"]
[Round "4.1"]
[White "Deregnaucourt, Yves"]
[Black "Cavanihac, Claude"]
[Result "1-0"]
[WhiteElo "1729"]
[BlackElo "1504"]
[PlyCount "111"]
[EventDate "2016.??.??"]
[WhiteTeam "Cercle d'Echecs Aubagnais"]
[BlackTeam "Cercle d'Echecs Aubagnais"]

1. e4 e5 2. Nf3 Nc6 3. Bc4 Be7 4. d4 exd4 5. Nxd4 Nf6 6. Nc3 Ne5 7. Bb3 c5 8.
Nf5 O-O 9. Qe2 a6 10. Bg5 d6 11. Nxe7+ Qxe7 12. Nd5 Qd8 13. Nxf6+ gxf6 14. Bh6
Bg4 15. f3 Bd7 16. Bxf8 Qxf8 17. Bd5 Rb8 18. O-O Kh8 19. f4 Ng6 20. c4 b5 21.
Rac1 Re8 22. b3 b4 23. Qh5 Be6 24. Bc6 Rc8 25. Bd5 Bxd5 26. exd5 Re8 27. Qf3
Qe7 28. Qf2 Rg8 29. Rce1 Qd7 30. Re3 h6 31. Rfe1 Kh7 32. f5 Ne5 33. Re4 Rg5 34.
Rf1 Qd8 35. Qd2 Qe8 36. Rh4 Qc8 37. Rxh6+ Kxh6 38. h4 Qg8 39. hxg5+ Qxg5 40.
Qxg5+ Kxg5 41. a3 a5 42. axb4 axb4 43. Ra1 Kxf5 44. Ra6 Ke4 45. Rxd6 f5 46. Rd8
Kd4 47. Re8 f6 48. d6 Nf7 49. d7 Kc3 50. Re7 Nd8 51. Re3+ Kd4 52. Kf2 f4 53.
Rh3 Ke4 54. Rh8 Nc6 55. d8=Q Nxd8 56. Rxd8 1-0

[Event "Open Est 2016-2017"]
[Site "Aubagne"]
[Date "2016.12.10"]
[Round "4.2"]
[White "Lapusan, Razvan"]
[Black "Roger, Patrick"]
[Result "1-0"]
[WhiteElo "1441"]
[BlackElo "1668"]
[PlyCount "77"]
[EventDate "2016.??.??"]
[WhiteTeam "Cercle d'Echecs Aubagnais"]
[BlackTeam "Club Provence Echecs"]

1. e4 e6 2. d4 d5 3. exd5 exd5 4. c4 Nf6 5. Nc3 Bb4 6. Bd3 O-O 7. Nge2 dxc4 8.
Bxc4 Bg4 9. f3 Bf5 10. O-O Nbd7 11. Ng3 Bg6 12. Kh1 Nb6 13. Bb3 h6 14. f4 Nbd5
15. Qf3 c6 16. f5 Bh7 17. Nxd5 cxd5 18. Bf4 Re8 19. Be5 Be7 20. Rad1 Qb6 21.
Bxf6 Bxf6 22. Qxd5 Qc7 23. Ne4 Qe7 24. Nd6 Rf8 25. Nxb7 Rab8 26. Na5 Qc7 27.
Nc4 Rbc8 28. Qe4 Rfe8 29. Qg4 Qe7 30. h3 Qe4 31. Ne5 Rxe5 32. dxe5 Qxe5 33.
Rd8+ Bxd8 34. Qc4 Qf6 35. Qd5 g6 36. Rd1 Bb6 37. Re1 gxf5 38. Qe5 Qg5 39. Qc3
1-0

[Event "Open Est 2016-2017"]
[Site "Aubagne"]
[Date "2016.12.10"]
[Round "4.3"]
[White "Pelopidas, Florian"]
[Black "Hunault, Francis"]
[Result "1-0"]
[WhiteElo "1607"]
[BlackElo "1459"]
[PlyCount "76"]
[EventDate "2016.??.??"]
[WhiteTeam "L'Echiquier du Roy René"]
[BlackTeam "Cercle d'Echecs Aubagnais"]

1. d4 d5 2. c4 Nf6 3. cxd5 Nxd5 4. Nf3 Bf5 5. Nc3 e6 6. e3 Nd7 7. Bd3 Bxd3 8.
Qxd3 Be7 9. O-O O-O 10. e4 Nb4 11. Qe2 c5 12. a3 cxd4 13. Nxd4 Na6 14. Be3 Nc7
15. Rfd1 a6 16. Rd2 Bg5 17. Rad1 Bxe3 18. Qxe3 Nf6 19. Nxe6 Nxe6 20. Rxd8 Nxd8
21. h3 h6 22. f3 Nc6 23. Qb6 Rab8 24. Nd5 Nh5 25. Kh2 f5 26. exf5 Rfe8 27. Nc3
Nf4 28. Rd7 Ne5 29. Rxb7 Rbd8 30. Ne4 Nd5 31. Qb3 Kh8 32. Nc3 Nxc3 33. Qxc3 Rd3
34. Qc7 Rd7 35. Qb6 Nc4 36. Qb4 Rd4 37. Rc7 a5 38. Qc3 Rd2 1-0

[Event "Open Est 2016-2017"]
[Site "Aubagne"]
[Date "2016.12.10"]
[Round "4.4"]
[White "Benezra, David"]
[Black "Ganier, Philippe"]
[Result "1/2-1/2"]
[WhiteElo "1385"]
[BlackElo "1584"]
[PlyCount "57"]
[EventDate "2016.??.??"]
[WhiteTeam "L'Echiquier du Roy René"]
[BlackTeam "La Ciotat Echecs (LCE)"]

1. d4 d6 2. e4 Nf6 3. Nc3 Nbd7 4. f4 e5 5. Nf3 exd4 6. Qxd4 Be7 7. e5 dxe5 8.
fxe5 Bc5 9. Qa4 Qe7 10. Be2 Nh5 11. g4 c6 12. gxh5 Nxe5 13. Nxe5 Qxe5 14. Qe4
Qe6 15. Bf4 Be7 16. Qxe6 Bxe6 17. O-O-O O-O 18. Bd6 Bg5+ 19. Kb1 Rfe8 20. b3
Bf6 21. Ne4 Bh4 22. Bd3 Bd5 23. Bg3 Bxg3 24. Nxg3 Bxh1 25. Rxh1 Re5 26. Rg1
Rae8 27. Nf5 Re1+ 28. Rxe1 Rxe1+ 29. Kb2 1/2-1/2

[Event "Open Est 2016-2017"]
[Site "Aubagne"]
[Date "2016.12.10"]
[Round "4.5"]
[White "Borrini, Rodrigue"]
[Black "Denis, Vincent"]
[Result "0-1"]
[WhiteElo "1218"]
[BlackElo "1843"]
[PlyCount "42"]
[EventDate "2016.??.??"]
[WhiteTeam "L'Echiquier du Roy René"]
[BlackTeam "Marseille Passion Echecs"]

1. d4 Nf6 2. Nf3 e6 3. e3 c5 4. c3 d5 5. Bd3 Nc6 6. Nbd2 Be7 7. O-O O-O 8. Re1
h6 9. dxc5 Bxc5 10. b3 e5 11. e4 d4 12. Qc2 Bg4 13. Bb2 Rc8 14. h3 dxc3 15.
Bxc3 Bxf3 16. Nxf3 Nd4 17. Bxd4 Bb4 18. Qe2 Bxe1 19. Rxe1 Qc7 20. Rb1 Rfe8 21.
Rc1 Qxc1+ 0-1

[Event "Open Est 2016-2017"]
[Site "Aubagne"]
[Date "2016.12.10"]
[Round "4.6"]
[White "Sage, Jean-Claude"]
[Black "Favarel-Lubeigt, Helina"]
[Result "1-0"]
[WhiteElo "1576"]
[BlackElo "1558"]
[PlyCount "47"]
[EventDate "2016.??.??"]
[WhiteTeam "Echiquier Marseillais 1872"]
[BlackTeam "L'Echiquier du Roy René"]

1. e4 e6 2. d4 d5 3. Nd2 Nf6 4. e5 Nfd7 5. Bd3 c5 6. Ne2 Nc6 7. c3 f6 8. f4 Be7
9. Nf3 O-O 10. O-O Qe8 11. Ng3 cxd4 12. cxd4 fxe5 13. fxe5 Nb6 14. a3 Bd7 15.
Qc2 h6 16. Bh7+ Kh8 17. Bg6 Qd8 18. Bh5 Rc8 19. Qg6 Bh4 20. Qg4 Bxg3 21. Qxg3
Ne7 22. Bg5 Kg8 23. Qh3 Rc6 24. Bg6 1-0

[Event "Open Est 2016-2017"]
[Site "Aubagne"]
[Date "2016.11.10"]
[Round "4.7"]
[White "Cescon, Moreno"]
[Black "Besucco, Guy"]
[Result "1-0"]
[WhiteElo "1785"]
[BlackElo "1348"]
[PlyCount "83"]
[EventDate "2016.??.??"]
[WhiteTeam "Club d'Echecs Pennois (CEP)"]
[BlackTeam "La Ciotat Echecs (LCE)"]

1. e4 d6 2. d4 Nf6 3. Bd3 g6 4. f4 Bg7 5. Nf3 O-O 6. O-O c5 7. c3 Qb6 8. Kh1
Bg4 9. d5 Nbd7 10. Qe1 Bxf3 11. Rxf3 Rac8 12. Nd2 Qc7 13. Qh4 b5 14. Bxb5 Qb7
15. Bxd7 Qxd7 16. Rh3 h5 17. Re3 Ng4 18. Re1 Bf6 19. Qh3 h4 20. Qf3 Kg7 21. h3
Nh6 22. e5 dxe5 23. fxe5 Bg5 24. Nc4 Bxc1 25. Raxc1 f6 26. Qe4 Nf5 27. Kg1 g5
28. e6 Qb5 29. Qxf5 Qxc4 30. b3 Qa6 31. Rc2 Qd6 32. c4 a5 33. Qg4 Rh8 34. Qe2
Rb8 35. Qd2 Rhf8 36. Qxa5 g4 37. Re4 gxh3 38. Rg4+ Kh7 39. Rxh4+ Kg7 40. Rg4+
Kh8 41. Qc3 h2+ 42. Kh1 1-0